000 00335nam a22001457a 4500
008 210312b ||||| |||| 00| 0 eng d
020 _a0898432529
041 _aeng
080 _a070
082 _a070
100 _a40
101 _aMED
245 _aDigital Broadcasting and the Public Interest
_cFirestone,M.CH
942 _2udc
_cBK
999 _c56521
_d56521